Loading...
| Science - Chemistry | 0 | 7 | 2 | 1 | 60 | 14 | 51.00 | 2 | 5 | 32.04 | 49.49 |
| Science - Other | 0 | 5 | 1 | 1 | 45 | 40 | 55.00 | 2 | 3 | 23.00 | 31.31 |
| Science - Physics | 0 | 4 | 0 | 1 | 40 | 48 | 70.25 | 0 | 2 | 12.62 | 17.17 |
| Science - Biology | 0 | 3 | 0 | 0 | 30 | 37 | 40.00 | 2 | 3 | 16.56 | 26.26 |
| Social Science | 0 | 2 | 0 | 0 | 20 | 48 | 57.50 | 0 | 1 | 11.82 | 16.67 |
| Mythology | 0 | 2 | 0 | 0 | 20 | 78 | 79.00 | 0 | 0 | 4.31 | 5.05 |
| Religion | 0 | 2 | 1 | 0 | 15 | 51 | 55.00 | 0 | 1 | 9.27 | 11.11 |
| Popular Culture | 0 | 1 | 0 | 0 | 10 | 31 | 31.00 | 1 | 1 | 14.36 | 20.00 |
| Philosophy | 0 | 1 | 0 | 0 | 10 | 90 | 90.00 | 0 | 1 | 1.31 | 8.64 |
| Geography | 0 | 1 | 0 | 0 | 10 | 90 | 90.00 | 0 | 0 | 4.07 | 2.22 |
| History - American | 0 | 1 | 0 | 0 | 10 | 48 | 48.00 | 1 | 1 | 5.01 | 9.09 |
| History - European | 0 | 1 | 0 | 0 | 10 | 20 | 20.00 | 1 | 1 | 7.31 | 9.09 |
| History - World | 0 | 1 | 0 | 1 | 10 | 102 | 102.00 | 0 | 0 | 0.00 | 3.03 |
| Literature - European | 0 | 1 | 0 | 0 | 10 | 93 | 93.00 | 0 | 0 | 2.05 | 2.02 |
| Current Events | 0 | 1 | 0 | 0 | 10 | 75 | 75.00 | 0 | 0 | 5.09 | 1.85 |
| Literature - British | 0 | 1 | 1 | 1 | 5 | 98 | 98.00 | 0 | 0 | 1.73 | 2.02 |